• 首页
  • 本馆介绍
  • 公告通知
  • 最新文献
  • 馆藏检索
  • 电子资源
  • 读者导购
  • 参考咨询
  • 我的图书馆
  • 登录
  • 详细信息显示
  • 放入我的书架
  • 预约/预借图书
  • 作者相关作品
  • 分类相关作品
  • 丛书相关作品
  • 出版社相关作品

书目信息

  • 表格格式
  • 工作单格式
  • 卡片格式
书名: CAPITOL,COURTHOUSE,AND CITY HALL
作者: Robert L.Morlan.
分册号:
分册名:
出版地: BOSTON :
 
出版社: Houghton Mifflin Company
出版时间: 1977.
页数: 347 p. ;
开本: 28cm.
丛书名:
中图分类号:
科图分类号:
其他分类号: D771.23
主题词:
电子资源:
000 00501nam 2200157 a 4500
001 E0739175188
005 20070421105950.21
008 070421s1977 00010 eng
020    @a0-395-24331-9.
040    @aPFT@beng
090    @aD771.23
099    @dD771.23@ex3=5
245    @aCAPITOL,COURTHOUSE,AND CITY HALL :@bReadings in American State and Local Politics and Government / @cRobert L.Morlan.
260    @aBOSTON :@bHoughton Mifflin Company,@c1977.
300    @a347 p. ;@c28cm.
700    @aMorlan,Robert L.
    
    CAPITOL,COURTHOUSE,AND CITY HALL : : Readings in American State and Local Politics and Government / / Robert L.Morlan.-BOSTON : : Houghton Mifflin Company, , 1977.
    347 p. ; ; 28cm.
    
    
    ISBN 0-395-24331-9.
    
●
相关链接 在E读中查询图书 在五车中查询图书 在当当中查询图书 在豆瓣中查询图书


正题名:CAPITOL,COURTHOUSE,AND CITY HALL     索取号:D771.23/x3=5         预约/预借

序号 登录号 条形码 馆藏地/架位号 状态 备注
1 4343   300043432   第二样本阅览室/ [索取号:D771.23/x3=5] 在馆    
2 4344   300043441   第四借阅区/ [索取号:D771.23/x3=5] 在馆    
3 4345   300043450   第四借阅区/ [索取号:D771.23/x3=5] 在馆    
唐山师范学院图书馆 欢迎您!
大连网信软件有限公司© 版权所有